| 000 | 00428nam a22001817a 4500 | ||
|---|---|---|---|
| 003 | MPLRDC | ||
| 005 | 20220104123921.0 | ||
| 008 | 210129b ||||| |||| 00| 0 eng d | ||
| 020 | _a7-80590-134-1 | ||
| 082 | _a857.45 WD | ||
| 100 | _a王迪编著 | ||
| 245 |
_a中国人的计谋 _c |
||
| 250 | _a二版一刷 | ||
| 260 |
_a _b海南出版社 _c1995 |
||
| 300 | _b平 | ||
| 650 | _a历史小说 | ||
| 942 |
_cBK _o857.45 WD |
||
| 999 |
_c15215 _d15205 |
||